Sharjah Art Foundation Library

حبّة رمل/ (Record no. 6651)

MARC details
000 -LEADER
fixed length control field 00442nam a2200145Ia 4500
001 - CONTROL NUMBER
control field 6651
008 - FIXED-LENGTH DATA ELEMENTS--GENERAL INFORMATION
fixed length control field 260622s9999 xx 000 0 und d
245 #0 - TITLE STATEMENT
Title حبّة رمل/
Statement of responsibility, etc. ناجي الحاي
260 ## - PUBLICATION, DISTRIBUTION, ETC.
Place of publication, distribution, etc. الشارقة؛
Name of publisher, distributor, etc. دائرة الثقافة والإعلام؛
Date of publication, distribution, etc. 1993
300 ## - PHYSICAL DESCRIPTION
Extent 55p;
Dimensions 21x14cm
546 ## - LANGUAGE NOTE
Language note Arabic
650 ## - SUBJECT ADDED ENTRY--TOPICAL TERM
Topical term or geographic name entry element PN2000-3307 Literature- Dramatic representation. The theater
651 ## - SUBJECT ADDED ENTRY--GEOGRAPHIC NAME
Geographic name Arab World
942 ## - ADDED ENTRY ELEMENTS (KOHA)
Koha item type Book
Holdings
Withdrawn status Lost status Damaged status Not for loan Collection Home library Current library Date acquired Total Checkouts Full call number Barcode Date last seen Price effective from Koha item type
        Language and Literature SAF Reference Library SAF Reference Library 06/22/2026   PN2000-3307 10.873 6651 06/22/2026 06/22/2026 Book

Copyright © 2022. Sharjah Art Foundation. All Rights Reserved.